| 000 | 00309nam a22001097a 4500 | ||
|---|---|---|---|
| 082 |
_a051 _bREA |
||
| 100 |
_aBeaudouin, John T. (Edt) _9111978 |
||
| 245 |
_aBest Sellers : _bfrom reader's digest condensed books / _cJohn T. Beaudouin, (Edt) |
||
| 260 |
_aNew York _c1978. |
||
| 300 | _a262p. ; | ||
| 942 |
_2ddc _cBK |
||
| 999 |
_c594552 _d594552 |
||